000 00645nam a2200217Ia 4500
001 8404
003 GE_BSU
008 181216s||||||||xx |||||||||||||| ||und||
040 _cGE_BSU
080 _a821.353.1-32
100 _aელანიძე,როსტომ
245 _aბროლის ხეობა
245 _bფანტასტ. მოთხრობა
260 _aთბილისი
260 _bნაკადული
260 _c1968
300 _a123გვ.ილ.20სმ.
653 _aბროლის ხეობა
653 _aფანტასტ. მოთხრობა
942 _cBK
999 _c41723
_d41723